000 00808nam a2200205Ia 4500
003 GCL
008 140319s9999 xx 000 0 ara d
040 _aGCL /
_cGCL
082 0 4 _a630
_bع ا
100 1 _aعبدالمنعم بلبع
245 1 0 _aالارض و الانسان و التنمية الزراعية فى الوطن العربى :
_bعرض لدور الارض فى توحيد الامة العربية ونشاطها الحضارى على مر العصور /
_cعبدالمنعم بلبع
250 _aالاولى
260 _aالقاهرة :
_bالمكتبة المصرية ،
_c2004
300 _a271 ص ؛
_c24 سم
650 0 4 _aالزراعة
650 0 4 _aالتنمية الزراعية
650 0 4 _aاصلاح الاراضى
650 0 4 _aالمحاصيل
942 _2ddc
_cBK
999 _c6204
_d6204